| 000 | 00550nam a22001577a 4500 | ||
|---|---|---|---|
| 082 |
_a330.02462 _bBUR _cD |
||
| 100 |
_aBurnham T.H _936247 |
||
| 245 |
_aEngineering economics/ _bWorks organization and management. _cT.H. Burnham, G. O. Hoskins |
||
| 250 | _a5th ed. | ||
| 260 |
_aLondon: _bSir Issac Pitman & Sons, _cc1945. |
||
| 300 |
_avi, 322 p. : _bill. ; _c24cm. |
||
| 526 |
_a0 _b0 _c0 _d330_024620000000000_BUR |
||
| 526 |
_a0 _b0 _c0 _d330_024620000000000_BUR |
||
| 650 |
_aElements of industrial organization _xManagement _937851 |
||
| 942 |
_2ddc _cBK |
||
| 999 |
_c542611 _d542611 |
||